000 00881cab a2200325 4500
001 ABS43670
008 090401t1990 xxu||||| |||| 00| 0 eng d
035 _a(Sirsi) u42881
041 _aeng
245 _aProperty crumble - gently may do it
260 _c1990
350 _a0
490 _aEconomist
_v317 (7679) 3 November 1990, 21-23(3)
520 _aThis article analyses the implications of a worldwide property crash for the US Japan ese British and europe an property markets.
650 _aBANKS
650 _aBERLIN
650 _aCYCLICAL INDUSTRY
650 _aDOWNTURN
650 _aGRAPHS
650 _aHOUSE PRICES
650 _aINVESTMENT
650 _aLONDON
650 _aPARIS
650 _aRECESSION
650 _aSLUMP
650 _aTOKYO
690 _aPROPERTY-PROPERTY FINANCE AND INVESTMENT
942 _n0
948 _c04/03/1997
999 _c27427
_d27427